| 000 | 00882cam a2200229 a 4500 | ||
|---|---|---|---|
| 008 | 890523s1989 nyu b 001 0 eng | ||
| 020 | _a0876090676 | ||
| 080 | _a327 | ||
| 245 | 0 | 0 |
_aRight v. might : _cLouis Henkin ... [et al.] ; foreword by John Temple Swing. |
| 260 |
_aNew York : _bCouncil on Foreign Relations Press, _cc1989. |
||
| 300 |
_axii, 124 p. ; _c23 cm. |
||
| 500 | _aForeword : f. VII-XII | ||
| 500 | _a"A Council on Foreign Relations book"--Cover. | ||
| 504 | _aIncludes bibliographical references (p. 111-118). | ||
| 650 | 0 | _aAgresioni (E drejta ndërkombëtare) | |
| 650 | 0 | _aIntervenimi (E drejta ndërkombëtare) | |
| 651 | 0 |
_aUnited States _xMarrëdhënie ndërkombëtare _y1945-1989. |
|
| 700 | 1 | _aHenkin, Louis. | |
| 710 | 2 | _aCouncil on Foreign Relations. | |
| 740 | 0 | _aRight versus might. | |
| 942 |
_2udc _cBK |
||
| 999 |
_c164 _d164 |
||